Zásady posudzovania trás MHD na radiálach v Bratislave
Salvato in:
| Autore principale: | |
|---|---|
| Altri autori: | |
| Natura: | Manoscritto Libro |
| Lingua: | slovacco |
| Pubblicazione: |
2018
|
| Soggetti: | |
| Accesso online: | http://is.stuba.sk/zp/portal_zp.pl?podrobnosti=124440 https://opac.crzp.sk/?fn=detailBiblioForm&sid=EEE57057A47611A7EE79CC4E9AC3 |
| Tags: |
Nessun Tag, puoi essere il primo ad aggiungerne!!
|
MARC
| LEADER | 00000ntm a22000003a 4500 | ||
|---|---|---|---|
| 001 | stuzp68727 | ||
| 003 | SK-STU | ||
| 005 | 20230623141637.8 | ||
| 007 | ta | ||
| 008 | 150427s2015----xo-----f-mn---000-0-slo-d | ||
| 040 | |a STU |b slo | ||
| 041 | 0 | |a slo | |
| 100 | 1 | |a Lettrich, Marek |u 010120 |4 aut |U SvF Stavebná fakulta |T SvF Katedra dopravných stavieb |X 55409 |U V120 |Y 12 |7 55409 | |
| 242 | 0 | 1 | |a The principles for the assessment of public transport routes on radial roads in Bratislava |y eng |
| 245 | 1 | 0 | |a Zásady posudzovania trás MHD na radiálach v Bratislave |
| 260 | |c 2018 | ||
| 650 | 4 | |a Preferencia |2 slo | |
| 650 | 4 | |a MHD |2 slo | |
| 650 | 4 | |a Radiály |2 slo | |
| 650 | 4 | |a Preference |2 eng | |
| 650 | 4 | |a Public Transport |2 eng | |
| 650 | 4 | |a Radial road |2 eng | |
| 700 | 1 | |a Schlosser, Tibor |u 010120 |k Z1 |4 ths |U SvF Stavebná fakulta |T SvF Katedra dopravných stavieb |X 68495 |U V120 |Y 12 |7 68495 | |
| 856 | 4 | |u http://is.stuba.sk/zp/portal_zp.pl?podrobnosti=124440 | |
| 856 | 4 | |u https://opac.crzp.sk/?fn=detailBiblioForm&sid=EEE57057A47611A7EE79CC4E9AC3 | |